000 00803nam a22002177a 4500
999 _c8921
_d8921
003 AR-CdUCM
008 190327b ||||| |||| 00| 0 spa d
040 _aMUNICIPALIDAD PROVINCIAL DEL CUSCO
_cBIBLIOTECA MUNICIPAL DEL CUSCO
082 _a869.56 /
_bN56
100 _aNieto Degregori, Luis
_96534
245 _aCon los ojos para siempre abiertos :
_bcuentos /
260 _aLima :
_bEdiciones El Zorro de Abajo,
_c1990.
300 _a155 páginas ;
_c20 cm.
505 _aContenido: El crepúsculo -- Semana Santa -- Harta cerveza y harta bala -- Vísperas -- La joven que subió al cielo -- Como cuando estábamos vivos ...
650 _aCuentos peruanos
_97
650 _aSiglo XX
_98
650 _aLiteratura
_983
710 _aCONCYTEC (auspicio)
_924779
942 _2ddc
_cLIBROS
945 _aachl